MARC

LEADER 00000nam0a2200000 4500
001 301256
005 20231102001401.0
020 |a RU  |b 83-19920ж 
035 |a (RuTPU)RU\TPU\book\326428 
090 |a 301256 
100 |a 20150728a1983 k y0rusy5003 ca 
101 0 |a rus 
102 |a RU 
105 |a a z 001zy 
200 1 |a Новые виды ископаемых беспозвоночных Монголии  |f Академия наук СССР (АН СССР), Палеонтологический институт (ПИН) ; Академия наук Монгольской Народной Республики (АН МНР), Геологический институт ; под ред. А. Ю. Розанова 
210 |a Москва  |c Наука  |d 1983 
215 |a 94 с.  |c ил., 8 л. ил. 
225 1 |a Труды совместной Советско-Монгольской палеонтологической экспедиции  |v Вып. 20 
320 |a Библиогр. в конце ст. 
320 |a Библиогр. в конце ст. 
606 1 |a Беспозвоночные ископаемые  |x Определение  |2 stltpush  |3 (RuTPU)RU\TPU\subj\28281  |9 51825 
610 1 |a Монголия 
610 1 |a фауна 
610 1 |a флора 
610 1 |a нижний кембрий 
610 1 |a ордовик 
610 1 |a силур 
610 1 |a девон-карбон 
610 1 |a роды 
610 1 |a виды 
610 1 |a семейства 
610 1 |a признаки 
610 1 |a водоросли 
610 1 |a археоциаты 
610 1 |a брахноподы 
675 |a 562  |v 3 
702 1 |a Розанов  |b А. Ю.  |g Алексей Юрьевич  |4 340 
712 0 2 |a Академия наук СССР (АН СССР)  |b Палеонтологический институт (ПИН)  |c (Москва)  |2 stltpush  |3 (RuTPU)RU\TPU\col\11384 
712 0 2 |a Академия наук Монгольской Народной Республики (АН МНР)  |b Геологический институт  |2 stltpush  |3 (RuTPU)RU\TPU\col\11935 
801 0 |a RU  |b RuMRKP  |c 19950704  |g psbo 
801 1 |a RU  |b 63413507  |c 20150728 
801 2 |a RU  |b 63413507  |c 20190607  |g RCR 
942 |c BK